MARC

LEADER 00000nam0a2200000 4500
001 297510
005 20231102001020.0
020 |a RU  |b 84-47028 
035 |a (RuTPU)RU\TPU\book\322643 
090 |a 297510 
100 |a 20150609d1983 km y0rusy5003 ca 
101 0 |a rus 
102 |a RU 
105 |a a z 101zy 
200 1 |a Инерционно-импульсные механизмы, приводы и устройства  |e труды III всесоюзной научной конференции  |f Челябинский политехнический институт (ЧелПИ) ; под ред. В. И. Пожбелко 
210 |a Челябинск  |c Изд-во ЧПИ  |d 1983 
215 |a 145 с.  |c ил. 
606 1 |a Инерционно-импульсные механизмы  |2 stltpush  |3 (RuTPU)RU\TPU\subj\12563  |9 39326 
610 1 |a инерционные приводы 
610 1 |a теория 
610 1 |a расчеты 
610 1 |a проектирование 
610 1 |a инерционные трансформаторы 
610 1 |a варотронные виброприводы 
610 1 |a механизмы свободного хода 
610 1 |a соединительные устройства 
610 1 |a динамические связи 
610 1 |a конференции 
675 |a 621-86(063)  |z rus  |v 3 
702 1 |a Пожбелко  |b В. И.  |4 340 
712 0 2 |a Челябинский политехнический институт (ЧелПИ)  |c (1951-1990)  |2 stltpush  |3 (RuTPU)RU\TPU\col\7924 
712 1 2 |a Инерционно-импульсные механизмы, приводы и устройства  |c конференции  |d 3  |e Челябинск  |f 1983  |4 570 
801 0 |a RU  |b RuMRKP  |c 19950704  |g psbo 
801 1 |a RU  |b 63413507  |c 20150609 
801 2 |a RU  |b 63413507  |c 20190130  |g RCR 
942 |c BK